| 000 | 01002nam a22002777a 4500 | ||
|---|---|---|---|
| 001 | 9396 | ||
| 003 | FISKH | ||
| 005 | 20251219083133.0 | ||
| 008 | 251219b cb ||||| |||| 00| 0 eng d | ||
| 020 | _a9780713624236 | ||
| 040 |
_aFISKH _beng _cFISKH _dFISKH |
||
| 050 | _aDT878.Z9 M355 | ||
| 082 | _a968.4 | ||
| 100 |
_aMcKenna, Nancy Durrell _eAuthor |
||
| 245 |
_aA Zulu family : _bSouth Africa / _cNancy Durrell McKenna |
||
| 260 |
_aLondon : _bAdam and Charles Black , _c1984 |
||
| 300 |
_a25 pages : _bphotographs ; _c22 cm |
||
| 490 | _aFamilies the world over | ||
| 505 | _aR | ||
| 520 | _aPresents the experiences of an eleven-year-old Zulu girl and her family living in the South African homeland of Kwazulu , describing the work of her relatives and neighbors, her chores and schoolwork, and her pride in her Zulu heritage. | ||
| 521 | 8 |
_a700
_bLexile estimate |
|
| 521 | 8 |
_aR
_bRaz-Plus |
|
| 650 |
_aInformational _vJuvenile nonfiction |
||
| 942 |
_2ddc _cBK _n0 |
||
| 999 |
_c9396 _d9396 |
||